The holocaust ; the destruction of European Jewry, 1933-1945.

Bibliographic Details
Main Author: Levin, Nora
Format: Book
Language:English
Published: New York : T. Y. Crowell Co., [1968]
Subjects:

MARC

Tag First Indicator Second Indicator Subfields
LEADER 00000cam a22000001 4500
001 in00000304613
005 20151010092854.0
008 711005s1968 nyuabch b 00000 eng
010 |a  67023676  
035 |a (OCoLC)00364784 
035 |9 ABG7422AM 
040 |a DLC  |c DLC  |d TXA  |d UtOrBLW 
049 |a TXAM  |c [912379] 
050 0 0 |a D810.J4  |b L455 
082 0 |a 940.531/5 
100 1 |a Levin, Nora. 
245 1 4 |a The holocaust ;  |b the destruction of European Jewry, 1933-1945. 
264 1 |a New York :  |b T. Y. Crowell Co.,  |c [1968] 
300 |a xvi, 768 pages :  |b illustrations, facsimiles, maps, portraits ;  |c 24 cm. 
336 |a text  |b txt  |2 rdacontent 
337 |a unmediated  |b n  |2 rdamedia 
338 |a volume  |b nc  |2 rdacarrier 
504 |a Bibliographical references included in "Notes" (pages 719-744). 
650 0 |a World War, 1939-1945  |x Jews. 
999 |a MARS 
999 f f |s 6e278d5a-c6ca-3834-ab5f-c496680aa5a4  |i 9f67c3f0-8e0a-304c-815e-4616433416c1  |t 0 
952 f f |p ric  |a Texas A&M University  |b Rellis Campus  |c Joint Library Facility  |d Remote Storage  |t 0  |e D810.J4 L455  |h Library of Congress classification  |i unmediated -- volume  |m A14801898754 
998 f f |a D810.J4 L455  |t 0  |l Remote Storage